Capitales des pays en S - Statistiques

Statistiques générales
  • Ce quiz a été pris 68 fois
  • Le résultat moyen est 16 sur 22
Statistiques - réponses
Pays Capitales % Correct
Suisse Berne
100%
Singapour Singapour
98%
Suède Stockholm
97%
Sénégal Dakar
94%
Syrie Damas
94%
Serbie Belgrade
92%
Slovaquie Bratislava
90%
Slovénie Ljubljana
90%
Saint-Marin Saint-Marin
89%
Salvador San Salvador
82%
Sao Tomé-et-Principe São Tomé
79%
Soudan Khartoum
73%
Seychelles Victoria
69%
Suriname Paramaribo
63%
Sierra Leone Freetown
60%
Somalie Mogadiscio
60%
Sri Lanka Sri Jayawardenapura Kotte
56%
Sainte-Lucie Castries
55%
Saint-Christophe-et-Niévès Basseterre
50%
Saint-Vincent-et-les-Grenadines Kingstown
50%
Samoa Apia
47%
Soudan du Sud Djouba
45%
Aucun quiz correspondant
Distribution des résultats
% des personnes avec chaque résultat
Percentile par nombre de réponses
Votre historique - résultats
Vous n’avez pas pris ce quiz